00427cam a2200169u 4500001001300000003000400013005001700017008004100034010001700075040001900092050002100111100003900132245003600171260001900207300001400226999001700240unk81056993 DLC20260227112759.0820315s1884 xx 000 0 eng  aunk81056993  aDLCcCarPdDLC00aBV4810b.T5 18841 aTileston, Mary Wilder,d1843-1934.10aDaily strength for daily needs. a[n. p.]c1884. a1 v.ccm. c91346d91346